000 00489nam a2200205Ia 4500
008 210210b1927 xxu||||| |||| 00| 0 eng d
041 _aeng
082 _a824/21
100 _aBOAS (F S)
245 _aIntroduction to the reading of Shakespeare
260 _aLondon
_bOxford University Press
_c1927
650 _ato
650 _athe
650 _aShakespeare
650 _areading
650 _aof
650 _aIntroduction
690 _aEnglish Criticism
906 _a013975
999 _c133048
_d133048